Δήμοι της Ελλάδας σε Χάρτη - Statistics

General Stats
  • This quiz has been taken 152 times
  • The average score is 137 of 333
Answers on the Map
Answers color-coded by a green-red scale on the quiz's map according to % correct below.
 
Answer Stats
Περιφέρεια Δήμος % Correct
Ιόνια Νησιά Λευκάδας
85%
Κεντρική Μακεδονία Θεσσαλονίκης
85%
Ανατολική Μακεδονία και Θράκη Αλεξανδρούπολης
82%
Ανατολική Μακεδονία και Θράκη Καβάλας
82%
Αττική | Κρήτη Ηρακλείου
82%
Ιόνια Νησιά Ζακύνθου
82%
Κρήτη Χανίων
82%
Νότιο Αιγαίο Ρόδου
82%
Αττική Αθηναίων
81%
Δυτική Ελλάδα Πατρέων
81%
Ιόνια Νησιά Κεντρικής Κέρκυρας και Διαπόντιων Νήσων
81%
Θεσσαλία Βόλου
79%
Ανατολική Μακεδονία και Θράκη Θάσου
77%
Ανατολική Μακεδονία και Θράκη Ξάνθης
77%
Αττική Πειραιώς
77%
Κρήτη Ρεθύμνου
77%
Πελοπόννησος Ναυπλιέων
77%
Πελοπόννησος Τρίπολης
77%
Βόρειο Αιγαίο Χίου
76%
Νότιο Αιγαίο Νάξου και Μικρών Κυκλάδων
76%
Πελοπόννησος Κορινθίων
76%
Πελοπόννησος Σπάρτης
76%
Στερεά Ελλάδα Χαλκιδέων
76%
Ανατολική Μακεδονία και Θράκη Δράμας
74%
Νότιο Αιγαίο Μυκόνου
74%
Πελοπόννησος Άργους-Μυκηνών
74%
Πελοπόννησος Καλαμάτας
74%
Ήπειρος Ιωαννιτών
73%
Ήπειρος Πρέβεζας
73%
Κρήτη Αγίου Νικολάου
73%
Νότιο Αιγαίο Κω
73%
Αττική Αίγινας
71%
Αττική Γλυφάδας
71%
Δυτική Ελλάδα Πύργου
71%
Δυτική Μακεδονία Φλώρινας
71%
Θεσσαλία Λαρισαίων
71%
Θεσσαλία Τρικκαίων
71%
Κεντρική Μακεδονία Σερρών
71%
Αττική Σαλαμίνος
69%
Βόρειο Αιγαίο Μυτιλήνης
69%
Νότιο Αιγαίο Άνδρου
69%
Νότιο Αιγαίο Πάρου
69%
Δυτική Ελλάδα Ιεράς Πόλης Μεσολογγίου
68%
Δυτική Μακεδονία Καστοριάς
68%
Ήπειρος Αρταίων
68%
Θεσσαλία Καρδίτσας
68%
Στερεά Ελλάδα Λαμιέων
68%
Αττική Περιστερίου
66%
Ιόνια Νησιά Ιθάκης
66%
Ιόνια Νησιά Παξών
66%
Αττική Κυθήρων
65%
Βόρειο Αιγαίο Λήμνου
65%
Δυτική Μακεδονία Κοζάνης
65%
Ιόνια Νησιά Αργοστολίου
65%
Κεντρική Μακεδονία Κατερίνης
65%
Ανατολική Μακεδονία και Θράκη Κομοτηνής
63%
Αττική Αμαρουσίου
63%
Κεντρική Μακεδονία Κιλκίς
63%
Νότιο Αιγαίο Καρπάθου
63%
Νότιο Αιγαίο Σύρου-Ερμούπολης
63%
Νότιο Αιγαίο Τήνου
63%
Στερεά Ελλάδα Σκύρου
63%
Ανατολική Μακεδονία και Θράκη Ορεστιάδας
61%
Αττική Χαλανδρίου
61%
Βόρειο Αιγαίο Ικαρίας
61%
Δυτική Μακεδονία Γρεβενών
61%
Ήπειρος Ηγουμενίτσας
61%
Θεσσαλία Σκιάθου
61%
Στερεά Ελλάδα Θηβαίων
61%
Αττική Ηλιουπόλεως
60%
Αττική Κηφισιάς
60%
Δυτική Ελλάδα Αγρινίου
60%
Κεντρική Μακεδονία Άγιο Όρος
60%
Κεντρική Μακεδονία Καλαμαριάς
60%
Στερεά Ελλάδα Καρπενησίου
60%
Αττική Βάρης-Βούλας-Βουλιαγμένης
58%
Αττική Πόρου
58%
Κεντρική Μακεδονία Δίου-Ολύμπου
58%
Κεντρική Μακεδονία Έδεσσας
58%
Αττική Σπετσών
56%
Αττική Ύδρας
56%
Κεντρική Μακεδονία Βέροιας
56%
Νότιο Αιγαίο Αμοργού
56%
Νότιο Αιγαίο Μεγίστης
56%
Αττική Αιγάλεω
55%
Αττική Κερατσινίου-Δραπετσώνας
55%
Κεντρική Μακεδονία Πολυγύρου
55%
Νότιο Αιγαίο Μήλου
55%
Αττική Αχαρνών
53%
Θεσσαλία Αγιάς
53%
Θεσσαλία Σκοπέλου
53%
Κεντρική Μακεδονία Κορδελιού-Ευόσμου
53%
Νότιο Αιγαίο Κέας
53%
Αττική Ελευσίνας
52%
Αττική Ελληνικού-Αργυρούπολης
52%
Αττική Ζωγράφου
52%
Αττική Νίκαιας-Αγίου Ιωάννη Ρέντη
52%
Δυτική Ελλάδα Καλαβρύτων
52%
Κεντρική Μακεδονία Νεάπολης-Συκεών
52%
Κρήτη Ιεράπετρας
52%
Νότιο Αιγαίο Θήρας
52%
Νότιο Αιγαίο Σερίφου
52%
Αττική Καλλιθέας
50%
Αττική Μεγαρέων
50%
Ήπειρος Πάργας
50%
Ιόνια Νησιά Νότιας Κέρκυρας
50%
Κεντρική Μακεδονία Πυλαίας-Χορτιάτη
50%
Πελοπόννησος Μονεμβασιάς
50%
Στερεά Ελλάδα Λεβαδέων
50%
Ανατολική Μακεδονία και Θράκη Διδυμοτείχου
48%
Αττική Αγίου Δημητρίου
48%
Αττική Ραφήνας-Πικερμίου
48%
Ήπειρος Μετσόβου
48%
Θεσσαλία Καλαμπάκας
48%
Ιόνια Νησιά Βόρειας Κέρκυρας
48%
Πελοπόννησος Λουτρακίου−Περαχώρας−Αγίων Θεοδώρων
48%
Αττική Αγίας Παρασκευής
47%
Αττική Ιλίου
47%
Αττική Πεντέλης
47%
Κρήτη Γαύδου
47%
Νότιο Αιγαίο Αστυπαλαίας
47%
Νότιο Αιγαίο Λέρου
47%
Ανατολική Μακεδονία και Θράκη Σαμοθράκης
45%
Αττική Αγκιστρίου
45%
Αττική Περάματος
45%
Βόρειο Αιγαίο Ψαρών
45%
Θεσσαλία Αλοννήσου
45%
Νότιο Αιγαίο Ιητών
45%
Νότιο Αιγαίο Καλυμνίων
45%
Νότιο Αιγαίο Κάσου
45%
Νότιο Αιγαίο Σύμης
45%
Πελοπόννησος Πύλου-Νέστορος
45%
Αττική Αλίμου
44%
Αττική Ασπροπύργου
44%
Αττική Βύρωνος
44%
Αττική Κορυδαλλού
44%
Αττική Μαραθώνος
44%
Αττική Μοσχάτου-Ταύρου
44%
Αττική Χαϊδαρίου
44%
Δυτική Ελλάδα Αμφιλοχίας
44%
Κεντρική Μακεδονία Αμπελοκήπων-Μενεμένης
44%
Κεντρική Μακεδονία Κασσάνδρας
44%
Κεντρική Μακεδονία Ωραιοκάστρου
44%
Κρήτη Σητείας
44%
Νότιο Αιγαίο Αντιπάρου
44%
Νότιο Αιγαίο Κιμώλου
44%
Νότιο Αιγαίο Κύθνου
44%
Πελοπόννησος Επιδαύρου
44%
Αττική Αγίας Βαρβάρας
42%
Αττική Νέας Ιωνίας
42%
Αττική Πετρουπόλεως
42%
Αττική Φιλοθέης-Ψυχικού
42%
Βόρειο Αιγαίο Ανατολικής Σάμου
42%
Βόρειο Αιγαίο Δυτικής Λέσβου
42%
Βόρειο Αιγαίο Δυτικής Σάμου
42%
Κεντρική Μακεδονία Πέλλας
42%
Νότιο Αιγαίο Πάτμου
42%
Νότιο Αιγαίο Σίφνου
42%
Νότιο Αιγαίο Φολεγάνδρου
42%
Πελοπόννησος Δυτικής Μάνης
42%
Πελοπόννησος Ελαφονήσου
42%
Πελοπόννησος Μεσσήνης
42%
Στερεά Ελλάδα Καρύστου
42%
Αττική Αγίων Αναργύρων-Καματερού
40%
Αττική Γαλατσίου
40%
Αττική Παπάγου-Χολαργού
40%
Αττική Τροιζηνίας-Μεθάνων
40%
Ιόνια Νησιά Ληξουρίου
40%
Κεντρική Μακεδονία Σιθωνίας
40%
Νότιο Αιγαίο Ανάφης
40%
Πελοπόννησος Ανατολικής Μάνης
40%
Στερεά Ελλάδα Ιστιαίας-Αιδηψού
40%
Στερεά Ελλάδα Κύμης-Αλιβερίου
40%
Ανατολική Μακεδονία και Θράκη Σουφλίου
39%
Αττική Παλαιού Φαλήρου
39%
Βόρειο Αιγαίο Αγίου Ευστρατίου
39%
Δυτική Ελλάδα Ανδραβίδας – Κυλλήνης
39%
Θεσσαλία Ελασσόνας
39%
Θεσσαλία Φαρσάλων
39%
Κρήτη Σφακίων
39%
Νότιο Αιγαίο Τήλου
39%
Αττική Καισαριανής
37%
Αττική Νέας Φιλαδελφείας-Νέας Χαλκηδόνος
37%
Ήπειρος Κόνιτσας
37%
Κεντρική Μακεδονία Θέρμης
37%
Κεντρική Μακεδονία Νάουσας
37%
Στερεά Ελλάδα Δομοκού
37%
Αττική Δάφνης-Υμηττού
35%
Αττική Λαυρεωτικής
35%
Αττική Μαρκοπούλου Μεσογαίας
35%
Δυτική Ελλάδα Δυτικής Αχαΐας
35%
Θεσσαλία Τυρνάβου
35%
Κεντρική Μακεδονία Παύλου Μελά
35%
Νότιο Αιγαίο Νισύρου
35%
Νότιο Αιγαίο Χάλκης
35%
Πελοπόννησος Ξυλοκάστρου-Ευρωστίνης
35%
Αττική Βριλησσίων
34%
Αττική Λυκόβρυσης-Πεύκης
34%
Αττική Μεταμόρφωσης
34%
Δυτική Μακεδονία Πρεσπών
34%
Κρήτη Κισσάμου
34%
Πελοπόννησος Ερμιονίδας
34%
Πελοπόννησος Νεμέας
34%
Στερεά Ελλάδα Δελφών
34%
Αττική Ωρωπού
32%
Βόρειο Αιγαίο Φούρνων Κορσεών
32%
Δυτική Ελλάδα Άκτιου-Βόνιτσας
32%
Δυτική Ελλάδα Αρχαίας Ολυμπίας
32%
Δυτική Ελλάδα Ναυπακτίας
32%
Θεσσαλία Νοτίου Πηλίου
32%
Στερεά Ελλάδα Στυλίδος
32%
Αττική Διονύσου
31%
Αττική Μάνδρας-Ειδυλλίας
31%
Αττική Νέας Σμύρνης
31%
Αττική Παλλήνης
31%
Δυτική Μακεδονία Αμυνταίου
31%
Κεντρική Μακεδονία Θερμαϊκού
31%
Κεντρική Μακεδονία Λαγκαδά
31%
Νότιο Αιγαίο Σικίνου
31%
Πελοπόννησος Βόρειας Κυνουρίας
31%
Πελοπόννησος Γορτυνίας
31%
Πελοπόννησος Μεγαλόπολης
31%
Πελοπόννησος Νότιας Κυνουρίας
31%
Στερεά Ελλάδα Αγράφων
31%
Στερεά Ελλάδα Ερέτριας
31%
Στερεά Ελλάδα Καμένων Βούρλων
31%
Αττική Σπάτων-Αρτέμιδος
29%
Δυτική Ελλάδα Αιγιαλείας
29%
Θεσσαλία Αλμυρού
29%
Κεντρική Μακεδονία Αλμωπίας
29%
Κεντρική Μακεδονία Δέλτα
29%
Στερεά Ελλάδα Μακρακώμης
29%
Στερεά Ελλάδα Μαντουδίου-Λίμνης-Αγίας Άννας
29%
Αττική Παιανίας
27%
Αττική Φυλής
27%
Δυτική Ελλάδα Ζαχάρως
27%
Θεσσαλία Παλαμά
27%
Κεντρική Μακεδονία Σκύδρας
27%
Κρήτη Ανωγείων
27%
Αττική Κορωπίου
26%
Δυτική Ελλάδα Θέρμου
26%
Ήπειρος Ζαγορίου
26%
Θεσσαλία Ρήγα Φεραίου
26%
Ιόνια Νησιά Σάμης
26%
Κεντρική Μακεδονία Χαλκηδόνος
26%
Κρήτη Φαιστού
26%
Πελοπόννησος Ευρώτα
26%
Στερεά Ελλάδα Διστόμου-Αράχοβας-Αντικύρας
26%
Ανατολική Μακεδονία και Θράκη Μαρώνειας-Σαπών
24%
Βόρειο Αιγαίο Οινουσσών
24%
Ήπειρος Πωγωνίου
24%
Θεσσαλία Ζαγοράς-Μουρεσίου
24%
Θεσσαλία Τεμπών
24%
Κεντρική Μακεδονία Αλεξάνδρειας
24%
Κεντρική Μακεδονία Βόλβης
24%
Νότιο Αιγαίο Αγαθονησίου
24%
Ανατολική Μακεδονία και Θράκη Μύκης
23%
Ανατολική Μακεδονία και Θράκη Νέστου
23%
Δυτική Ελλάδα Ερυμάνθου
23%
Ήπειρος Βορείων Τζουμέρκων
23%
Ήπειρος Σουλίου
23%
Θεσσαλία Μουζακίου
23%
Κεντρική Μακεδονία Αμφίπολης
23%
Στερεά Ελλάδα Ορχομενού
23%
Ανατολική Μακεδονία και Θράκη Αβδήρων
21%
Δυτική Μακεδονία Άργους Ορεστικού
21%
Δυτική Μακεδονία Βοΐου
21%
Δυτική Μακεδονία Νεστορίου
21%
Δυτική Μακεδονία Σερβίων
21%
Ιόνια Νησιά Μεγανησίου
21%
Νότιο Αιγαίο Λειψών
21%
Ανατολική Μακεδονία και Θράκη Παγγαίου
19%
Δυτική Μακεδονία Βελβεντού
19%
Ήπειρος Φιλιατών
19%
Θεσσαλία Κιλελέρ
19%
Θεσσαλία Φαρκαδόνας
19%
Κεντρική Μακεδονία Αριστοτέλη
19%
Κεντρική Μακεδονία Νέας Ζίχνης
19%
Ανατολική Μακεδονία και Θράκη Κάτω Νευροκοπίου
18%
Ανατολική Μακεδονία και Θράκη Προσοτσάνης
18%
Ήπειρος Γεωργίου Καραϊσκάκη
18%
Θεσσαλία Λίμνης Πλαστήρα
18%
Κεντρική Μακεδονία Πύδνας-Κολινδρού
18%
Στερεά Ελλάδα Διρφύων-Μεσσαπίων
18%
Δυτική Ελλάδα Ανδριτσαίνας-Κρεστένων
16%
Ήπειρος Δωδώνης
16%
Ήπειρος Ζίτσας
16%
Κεντρική Μακεδονία Σιντικής
16%
Κρήτη Χερσονήσου
16%
Στερεά Ελλάδα Αλιάρτου
16%
Στερεά Ελλάδα Τανάγρας
16%
Ανατολική Μακεδονία και Θράκη Αρριανών
15%
Ανατολική Μακεδονία και Θράκη Δοξάτου
15%
Ανατολική Μακεδονία και Θράκη Ιάσμου
15%
Αττική Σαρωνικού
15%
Δυτική Ελλάδα Ηλίδας
15%
Δυτική Μακεδονία Δεσκάτης
15%
Κεντρική Μακεδονία Βισαλτίας
15%
Κεντρική Μακεδονία Εμμανουήλ Παππά
15%
Κεντρική Μακεδονία Ηρακλείας
15%
Κρήτη Αρχανών-Αστερουσίων
15%
Κρήτη Γόρτυνας
15%
Στερεά Ελλάδα Αμφίκλειας-Ελάτειας
15%
Στερεά Ελλάδα Λοκρών
15%
Ανατολική Μακεδονία και Θράκη Παρανεστίου
13%
Δυτική Ελλάδα Πηνειού
13%
Δυτική Μακεδονία Εορδαίας
13%
Κεντρική Μακεδονία Νέας Προποντίδας
13%
Κεντρική Μακεδονία Παιονίας
13%
Κρήτη Μαλεβιζίου
13%
Κρήτη Οροπεδίου Λασιθίου
13%
Πελοπόννησος Βέλου-Βόχας
13%
Στερεά Ελλάδα Δωρίδος
13%
Ήπειρος Κεντρικών Τζουμέρκων
11%
Ήπειρος Νικολάου Σκουφά
11%
Θεσσαλία Πύλης
11%
Κρήτη Αγίου Βασιλείου
11%
Κρήτη Μυλοποτάμου
11%
Θεσσαλία Αργιθέας
10%
Θεσσαλία Σοφάδων
10%
Κρήτη Πλατανιά
10%
Ανατολική Μακεδονία και Θράκη Τοπείρου
8%
Ήπειρος Ζηρού
8%
Πελοπόννησος Οιχαλίας
8%
Δυτική Ελλάδα Ξηρομέρου
6%
Κρήτη Αμάριου
6%
Κρήτη Μινώα Πεδιάδας
6%
Πελοπόννησος Σικυωνίων
6%
Κρήτη Βιάννου
5%
Κρήτη Καντάνου-Σελίνου
5%
Πελοπόννησος Τριφυλλίας
3%
Κρήτη Αποκορώνου
2%
No matching quizzes found
Score Distribution
Percent of People with Each Score
Percentile by Number Answered
Your Score History
You have not taken this quiz